Statistics for Tom Brady Fun Facts

Click here to take the quiz!

General Stats

  • This quiz has been taken 251 times
  • The average score is 14 of 25

Answer Stats

HintAnswer% Correct
Jersey Number12
100%
NFL Draft Round6
98%
40 yard dash time (to the nearest second)6s
98%
Career Receptions2
98%
Super Bowl Appearances7
96%
Super Bowl MVP's4
96%
Super Bowl Rings5
96%
NFL Draft Year2000
93%
CollegeUniversity of Michigan
91%
NFL Draft Pick199
86%
Birth Year1977
83%
Favorite NFL team growing up49ers
81%
Birth StateCalifornia
81%
Height6'4"
78%
2008 season ending injuryACL tear
55%
College GPA2.2
43%
High School GPA3.3
36%
Least Favorite NFL team (As a player)Baltimore Ravens
18%
Max Bench Press160
8%
Crime committed in 1998Mail Fraud
1%
Favorite Historical FigureXavier Zubiri
1%
1997 season ending injuryShattered pelvis
1%
High School NicknameUncle Bogus
1%
College MajorHermeneutics
0%
Favorite TV showHey Arnold
0%

Score Distribution

Percentile by Number Answered

Percent of People with Each Score

Your Score History

You have not taken this quiz